[Event "6th ch-Cent SRB Int 2013"]
[Site "Paracin SRB"]
[Date "2013.07.06"]
[Round "2.37"]
[White "Dimic,P"]
[Black "Zarkovic,M"]
[Result "0-1"]
[WhiteElo "2218"]
[BlackElo "2070"]

1.d4 Nf6 2.Nf3 e6 3.c4 Bb4+ 4.Bd2 Qe7 5.g3 Nc6 6.Nc3 d6 7.d5 Bxc3 8.Bxc3 Nb8
9.dxe6 fxe6 10.Bg2 e5 11.O-O Nc6 12.Ne1 O-O 13.e4 Be6 14.b3 a5 15.Nc2 Kh8
16.Ne3 Qd7 17.f3 Ne7 18.Qd2 a4 19.Rfd1 Qc6 20.Kh1 axb3 21.axb3 b6 22.Nd5 Ng6
23.Qb2 Qd7 24.b4 Nxd5 25.cxd5 Bh3 26.Bd2 Bxg2+ 27.Kxg2 Qb5 28.Be3 h6 29.Rdc1 Rxa1
30.Rxa1 Qd3 31.Ra3 Qd1 32.Bf2 h5 33.h4 Rf6 34.Re3 Nf4+ 35.Kh2 Nd3 36.Qe2 Qxe2
37.Rxe2 Rxf3 38.Be1 Rf1 39.Bd2 Rf2+ 40.Rxf2 Nxf2 41.Bg5 Nxe4 42.Bd8 Kg8 43.Bxc7 Kf7
44.Bxb6 Nc3 45.Kg2 Nxd5 46.Ba5 Nc3 47.Kf3 Ke6 48.Ke3 d5 49.Kd3 Nb5 50.Bb6 e4+
51.Ke3 Ke5 52.Bc5 d4+ 53.Kd2 Kd5 54.Bf8 g6 55.Kc2 Kc4 56.Kd2 Nc3 57.Bg7 e3+
58.Ke1 d3  0-1

[Event "6th ch-Cent SRB Int 2013"]
[Site "Paracin SRB"]
[Date "2013.07.06"]
[Round "3.12"]
[White "Mladenovic,St"]
[Black "Bogdanovski,V"]
[Result "1/2-1/2"]
[WhiteElo "2307"]
[BlackElo "2435"]

1.d4 Nf6 2.c4 e6 3.Nf3 Bb4+ 4.Bd2 c5 5.Bxb4 cxb4 6.g3 O-O 7.Bg2 d6 8.Nbd2 a5
9.O-O Re8 10.e4 e5 11.d5 Na6 12.Ne1 Nc5 13.Qe2 Qb6 14.Nd3 Bg4 15.Qe3 Nfd7
16.Nxc5 Qxc5 17.Qd3 Qc7 18.f4 Nc5 19.Qe3 Na4 20.f5 Qc5 21.Qxc5 Nxc5 22.Bf3 Bxf3
23.Rxf3 Rec8 24.a4 h5 25.b3 Kf8 26.Raf1 Nd7 27.Ra1 Ke7 28.h3 Nf6 29.Rf2 Rc7
30.Kg2 Rh8 31.Raf1 Rcc8 32.Re1 Rh7 33.Rd1 Rh6 34.Rdf1 Nd7 35.Rf3 Rch8 36.R1f2 Kd8
37.Nf1 Kc7 38.Nh2 Kd8 39.Re3 Ke7 40.Nf3 Kf6 41.Nh2 R6h7 42.Nf3 Rc8 43.Nd2 Nc5
44.Rf1 Rg8 45.Nf3 Rh6 46.Nd2 Rc8 47.Ref3 Nd7 48.Re3 Rf8 49.Nf3 Ke7 50.Ng5 Kd8
51.Nf3 Kc7 52.Ng5 Kb6 53.Rd3 Kc5 54.Rf2 Nf6 55.Re2 Nh7 56.Nxh7 Rxh7 57.Rf2 Rh6
58.Kf3 Rf6 59.Ke3 g6 60.Rd1 Rg8 61.Rf3 g5  1/2-1/2

[Event "IsBank TCh-TUR 2013"]
[Site "Denizli TUR"]
[Date "2013.07.07"]
[Round "10.5"]
[White "Bayram,Y"]
[Black "Genc,C"]
[Result "1/2-1/2"]
[WhiteElo "2271"]
[BlackElo "2202"]

1.d4 Nf6 2.c4 e6 3.Nf3 Bb4+ 4.Bd2 a5 5.g3 d6 6.Bg2 Nbd7 7.O-O e5 8.b3 O-O
9.Bc1 exd4 10.Bb2 Re8 11.Nxd4 c6 12.a3 Bc5 13.Nc3 Nb6 14.Qd3 d5 15.cxd5 Nbxd5
16.Nxd5 Nxd5 17.h3 Nf6 18.Rad1 Qe7 19.a4 Bxd4 20.Qxd4 Be6 21.Bc3 Bxb3 22.Rb1 Red8
23.Qh4 Bd5 24.e4 Bc4 25.e5 Bxf1 26.exf6 Qc5 27.Be4 h5 28.Re1 Qxc3 29.Qxh5 g6
30.Bxg6 Qxf6 31.Qh7+ Kf8 32.Bxf7 Qxf7 33.Qh8+ Qg8 34.Qf6+  1/2-1/2

[Event "EY Boys Teams 2013"]
[Site "Maribor SLO"]
[Date "2013.07.07"]
[Round "2"]
[White "Dragun,K"]
[Black "Menezes,Chr"]
[Result "1-0"]
[WhiteElo "2532"]
[BlackElo "2261"]

1.d4 Nf6 2.c4 e6 3.Nf3 Bb4+ 4.Bd2 Bxd2+ 5.Qxd2 O-O 6.Nc3 d5 7.e3 Qe7 8.Rc1 Rd8
9.cxd5 exd5 10.Bd3 Nc6 11.h3 Ne4 12.Qe2 Nb4 13.Bb1 Bf5 14.O-O c6 15.a3 Na6
16.Ne5 Nxc3 17.bxc3 Bxb1 18.Rxb1 Nc5 19.Nxf7 Kxf7 20.dxc5 Rab8 21.Qd3 Qxc5
22.Qxh7 Qxc3 23.Rb4 Rd6 24.Rfb1 b6 25.Rf4+ Rf6 26.Rxf6+ Kxf6 27.e4 Qe5 28.exd5 cxd5
29.Rb3 Qe1+ 30.Kh2 Qe5+ 31.Rg3 Kf7 32.f4 Qf6 33.Qh5+ Ke7 34.Re3+ Kd6 35.f5 Qd4
36.Qg5 Rb7 37.Qd8+ Kc5 38.Qc8+ Kb5 39.Qxb7 Qxe3 40.Qxd5+ Qc5 41.Qd7+ Kc4
42.Qf7+ Qd5 43.Qxd5+ Kxd5 44.Kg1 b5 45.Kf2 a5 46.Ke3 Kc4 47.g4 Kb3 48.g5 b4
49.axb4 a4 50.f6 gxf6 51.g6  1-0

[Event "Styrian Open A 2013"]
[Site "Bad Gleichenberg AUT"]
[Date "2013.07.08"]
[Round "3.18"]
[White "Gutmann,A"]
[Black "Reinwald,P"]
[Result "0-1"]
[WhiteElo "2065"]
[BlackElo "2172"]

1.d4 Nf6 2.c4 e6 3.Nf3 Bb4+ 4.Bd2 Qe7 5.g3 Nc6 6.Bg2 Bxd2+ 7.Nbxd2 d6 8.O-O a5
9.b3 O-O 10.a3 e5 11.d5 Nb8 12.Qc2 Bd7 13.Ne1 c6 14.e4 b5 15.Nd3 a4 16.c5 Rc8
17.Qb2 axb3 18.cxd6 Qxd6 19.Nxb3 cxd5 20.exd5 e4 21.Ne5 Qxd5 22.Rfd1 Qe6
23.Nxd7 Nbxd7 24.Nd4 Qe5 25.Qxb5 Rc5 26.Qe2 Nb6 27.f4 Qe8 28.h3 h5 29.Kh2 Rac8
30.Rab1 Nbd5 31.Qf2 Nc3 32.Rdc1 Nxb1 33.Rxb1 Qa4 34.Qb2 Rc3 35.Nf5 Rc2 36.Qb6 Re8
37.Qd6 e3 38.Rb7 Qe4 39.Nxe3 Qxe3 40.Rb8 Qe4 41.Qc6  0-1

[Event "Polugaevsky Mem 2013"]
[Site "Samara RUS"]
[Date "2013.07.08"]
[Round "7.3"]
[White "Kryakvin,D"]
[Black "Fedoseev,Vl3"]
[Result "1/2-1/2"]
[WhiteElo "2584"]
[BlackElo "2515"]

1.d4 Nf6 2.c4 e6 3.Nf3 Bb4+ 4.Bd2 a5 5.g3 b6 6.Bg2 Bb7 7.O-O O-O 8.Bg5 Be7
9.Nc3 Ne4 10.Bxe7 Qxe7 11.Qc2 Nxc3 12.Qxc3 Na6 13.Rfe1 f5 14.Rad1 d6 15.Nh4 Bxg2
16.Nxg2 Qf6 17.f4 Nb4 18.a3 Nc6 19.e4 e5 20.dxe5 dxe5 21.exf5 Qxf5 22.Qf3 Qf6
23.Rd7 Kh8 24.Qe4 Rae8 25.Nh4 Nd8 26.Nf3 Nf7 27.Rxc7 Nd6 28.Qc6 e4 29.Ng5 Qd4+
30.Kh1 h6 31.Nf7+ Rxf7 32.Rxf7 Qf2 33.Rg1 Qf3+ 34.Rg2 Qf1+ 35.Rg1 Qf3+ 36.Rg2 Qf1+
37.Rg1 Qf3+  1/2-1/2

[Event "IsBank TCh-TUR 2013"]
[Site "Denizli TUR"]
[Date "2013.07.09"]
[Round "12.5"]
[White "Buker,M"]
[Black "Genc,C"]
[Result "1-0"]
[WhiteElo "2072"]
[BlackElo "2202"]

1.d4 Nf6 2.c4 e6 3.Nf3 Bb4+ 4.Bd2 a5 5.Qc2 d5 6.e3 O-O 7.Bd3 Be7 8.O-O b6
9.b3 c5 10.cxd5 exd5 11.Ne5 Bb7 12.f4 Na6 13.a3 Rc8 14.Qd1 Nc7 15.Rf3 Ne6
16.Bc3 cxd4 17.exd4 Ne4 18.Bb2 f5 19.Nd2 Bd6 20.Nf1 Rc7 21.Ne3 Qe7 22.Qe2 g6
23.Rff1 Nc3 24.Qd2 Rfc8 25.Rac1 Ne4 26.Bxe4 Rxc1 27.Rxc1 Rxc1+ 28.Qxc1 dxe4
29.g3 Qc7 30.Qd2 Bf8 31.d5 Nc5 32.Qc3 Bg7 33.b4 axb4 34.axb4 Na6 35.Qa3 b5
36.d6 Qb8 37.Qb3+ Kh8 38.Nf7+ Kg8 39.Ng5+ Kh8 40.Bxg7+  1-0

[Event "23rd Heart of FIN"]
[Site "Jyvaskyla FIN"]
[Date "2013.07.09"]
[Round "2.13"]
[White "Yrjola,J"]
[Black "Marjusaari,E"]
[Result "1/2-1/2"]
[WhiteElo "2372"]
[BlackElo "2064"]

1.d4 Nf6 2.c4 e6 3.Nf3 Bb4+ 4.Bd2 Qe7 5.g3 Nc6 6.Nc3 Bxc3 7.Bxc3 Ne4 8.Rc1 O-O
9.Bg2 Nxc3 10.Rxc3 d6 11.d5 Nb8 12.dxe6 fxe6 13.Nd4 c6 14.O-O Nd7 15.e4 Nf6
16.Rd3 e5 17.Nc2 Be6 18.Ne3 Rad8 19.h3 Rd7 20.Qd2 Rfd8 21.b3 Qf7 22.f4 exf4
23.gxf4 Qh5 24.f5 Bf7 25.Rf4 Qh6 26.Nf1 Nh5 27.Rf2 Qxd2 28.Nxd2 Nf6 29.Rf1 Bh5
30.Re1 Re8 31.Kf2 Kf7 32.Nf1 g6 33.Ng3 Re5 34.Ree3 Ke7 35.Rd2 Kd8 36.Red3 Kc7  1/2-1/2

[Event "6th ch-Cent SRB Int 2013"]
[Site "Paracin SRB"]
[Date "2013.07.09"]
[Round "6.9"]
[White "Bogdanovski,V"]
[Black "Kosic,D"]
[Result "1/2-1/2"]
[WhiteElo "2435"]
[BlackElo "2490"]

1.Nf3 Nf6 2.d4 e6 3.c4 Bb4+ 4.Bd2 a5 5.g3 b6 6.Bg2 Bb7 7.O-O Bxd2 8.Qxd2 O-O
9.Nc3 d6 10.Rac1 Nbd7 11.Rfd1 Ne4 12.Nxe4 Bxe4 13.Qf4 Nf6 14.Ne1 Bxg2 15.Nxg2 Qe7
16.Ne3 Rfd8 17.Qf3 Rab8 18.Rc2 h6 19.Rd3 Qe8 20.h4 Qe7  1/2-1/2

[Event "Commonwealth & RSA Open"]
[Site "Port Elizabeth RSA"]
[Date "2013.07.09"]
[Round "5.3"]
[White "Gupta,Ab"]
[Black "Gomes,Mary"]
[Result "1-0"]
[WhiteElo "2583"]
[BlackElo "2423"]

1.d4 Nf6 2.c4 e6 3.Nf3 Bb4+ 4.Bd2 Qe7 5.g3 b6 6.Bg2 Bb7 7.O-O Bxd2 8.Nbxd2 O-O
9.Qc2 d6 10.e4 e5 11.Rfe1 Nbd7 12.Rad1 Rfe8 13.Nb1 Nf8 14.Nc3 c6 15.b4 Rac8
16.Qb3 Ba8 17.d5 c5 18.b5 Bb7 19.a4 Ra8 20.a5 Bc8 21.Ra1 Rb8 22.Nd2 Ng6 23.Nf1 h5
24.Qc2 h4 25.Ne3 Qc7 26.Qe2 Kh7 27.Rf1 Rh8 28.Ra3 Kg8 29.Rfa1 Bb7 30.Nf5 h3
31.Bf3 Ne7 32.Ne3 g6 33.Kf1 Rc8 34.Ke1 Ne8 35.Kd2  1-0

[Event "ch-BEL Open 2013"]
[Site "Antwerp BEL"]
[Date "2013.07.10"]
[Round "5.31"]
[White "Vervaet,Bart"]
[Black "Wijgers,T"]
[Result "0-1"]
[WhiteElo "1764"]
[BlackElo "1960"]

1.d4 Nf6 2.c4 e6 3.Nf3 Bb4+ 4.Bd2 a5 5.a3 Bxd2+ 6.Nbxd2 d6 7.g3 Nc6 8.Bg2 e5
9.d5 Ne7 10.e4 O-O 11.O-O Nd7 12.Nh4 a4 13.Qh5 Nc5 14.f4 Ng6 15.f5 Nxh4 16.gxh4 f6
17.Rf3 Bd7 18.Qg4 Kh8 19.h5 Rg8 20.Rg3 Qe7 21.Rf1 g6 22.hxg6 Rxg6 23.Qh4 Rxg3
24.Qxg3 Rg8 25.Qf3 Qg7 26.Rf2 b5 27.cxb5 Bxb5 28.Nf1 Qg5 29.Ng3 Qc1+ 30.Bf1 Bxf1
31.Rxf1 Qxb2 32.Qe3 Rg5 33.Rf2 Qb1+ 34.Kg2 Nxe4 35.Rf3 Qc2+ 36.Kg1 Nxg3 37.Rxg3 Qxf5
38.Qc1 Qg6 39.Kf2 Rxg3 40.hxg3 Qf5+ 41.Kg1 Qd3 42.Qxc7 Qxg3+ 43.Kf1 Qf3+
44.Ke1 Qxd5  0-1

[Event "FSIM July 2013"]
[Site "Budapest HUN"]
[Date "2013.07.10"]
[Round "5.5"]
[White "Szeberenyi,A"]
[Black "Toth,Sar"]
[Result "1-0"]
[WhiteElo "2313"]
[BlackElo "2178"]

1.d4 Nf6 2.c4 e6 3.Nf3 Bb4+ 4.Bd2 Qe7 5.g3 Nc6 6.Nc3 Bxc3 7.Bxc3 Ne4 8.Rc1 O-O
9.Bg2 d6 10.d5 Nb8 11.O-O Nxc3 12.Rxc3 e5 13.c5 Na6 14.cxd6 cxd6 15.Nd2 f5
16.Qb3 Nc5 17.Rxc5 dxc5 18.d6+ Qf7 19.Bd5  1-0

[Event "Universiade Men"]
[Site "Kazan RUS"]
[Date "2013.07.10"]
[Round "3.11"]
[White "Nigalidze,G"]
[Black "Amin,B"]
[Result "1-0"]
[WhiteElo "2497"]
[BlackElo "2650"]

1.d4 Nf6 2.c4 e6 3.Nf3 Bb4+ 4.Bd2 c5 5.Bxb4 cxb4 6.Qd3 d6 7.e4 O-O 8.g3 Re8
9.Bg2 Nc6 10.O-O e5 11.Nbd2 Bg4 12.h3 Bh5 13.Rfe1 Nd7 14.d5 Ncb8 15.Nh4 a5
16.Bf3 Bg6 17.Bg4 Nc5 18.Qe3 Nba6 19.Ng2 a4 20.h4 h6 21.h5 Bh7 22.Nh4 Qg5
23.Qxg5 hxg5 24.Nhf3 f6 25.Re3 Nc7 26.Ne1 b5 27.f3 Re7 28.Nd3 Nxd3 29.Rxd3 bxc4
30.Nxc4 Nb5 31.Be6+ Kf8 32.Rc1 Rc7 33.Rdd1 a3 34.b3 Raa7 35.Kf2 Rc5 36.Ke3 Rac7
37.Rd3 g6 38.h6 f5 39.g4 f4+ 40.Ke2 Bg8 41.Rh1 Rh7 42.Bxg8 Kxg8 43.Rd2 Rhc7
44.Kd3 Kh7 45.Kc2 Rc8 46.Rd3 R5c7 47.Rd2 Nc3 48.Kd3 Na4 49.Nxd6 Nb2+ 50.Ke2 Rd8
51.Nc4 Na4 52.Nxe5 Nc3+ 53.Kf2 Nb5 54.Nc4 Rdc8 55.e5  1-0

[Event "Commonwealth & RSA Open"]
[Site "Port Elizabeth RSA"]
[Date "2013.07.10"]
[Round "7.35"]
[White "Bornheim,C"]
[Black "Kolver,Chris"]
[Result "1/2-1/2"]
[WhiteElo "1974"]
[BlackElo "1619"]

1.d4 Nf6 2.c4 e6 3.Nf3 Bb4+ 4.Bd2 a5 5.g3 b6 6.Bg2 Bb7 7.O-O Bxd2 8.Nbxd2 d6
9.Qc2 Nbd7 10.e4 e5 11.d5 O-O 12.Ne1 Ne8 13.f4 exf4 14.gxf4 f5 15.exf5 Nc5
16.Nef3 Bc8 17.Nd4 Qf6 18.N2f3 Bxf5 19.Nxf5 Qxf5 20.Qxf5 Rxf5 21.Nd4 Rf7
22.Bh3 g6 23.f5 g5 24.Rf3 Nd7 25.Re3 Nef6 26.Nc6 g4 27.Bg2 Nh5 28.Rae1 Raf8
29.Be4 Ng7 30.Bc2 Ne5 31.Nxe5 dxe5 32.Rxe5 Nxf5 33.Rf1 Nd4 34.Rg5+ Rg7 35.Rxg7+ Kxg7
36.Rxf8 Kxf8 37.Bxh7 Kg7 38.Bd3 Nf3+ 39.Kf2 Kf6 40.Be2 Ne5 41.Kg3 Kf5 42.b3 Kg5
43.Bd1 Kf5 44.Bc2+ Kg5 45.Bd1 Kf5 46.Be2 Kg5 47.a3 Kf5 48.b4 axb4 49.axb4 Ke4
50.Bxg4 Nxc4 51.Bf3+ Kf5 52.h4 Ne3 53.h5 Kg5 54.Be4 Nc4 55.Bg6 Ne3 56.Bf7 Nc2
57.b5 Nd4 58.Be8 Ne2+ 59.Kf3 Nc3 60.Bc6 Kxh5 61.Ke3  1/2-1/2

[Event "43rd Nat Jun ch-IND U19"]
[Site "Lucknow IND"]
[Date "2013.07.12"]
[Round "4.3"]
[White "Mithil,A"]
[Black "Lokesh,P"]
[Result "1/2-1/2"]
[WhiteElo "2198"]
[BlackElo "2239"]

1.d4 Nf6 2.c4 e6 3.Nf3 Bb4+ 4.Bd2 c5 5.Bxb4 cxb4 6.e3 O-O 7.Be2 d6 8.O-O Re8
9.a3 Nc6 10.axb4 Nxb4 11.Nc3 b6 12.Nd2 d5 13.Qb3 a5 14.cxd5 exd5 15.Na2 Nxa2  1/2-1/2

[Event "2nd Ideon Andron Open 2013"]
[Site "Anogia GRE"]
[Date "2013.07.14"]
[Round "6.4"]
[White "Halkias,S"]
[Black "Skaperdas,K"]
[Result "1-0"]
[WhiteElo "2565"]
[BlackElo "2141"]

1.c4 e6 2.Nf3 Nf6 3.d4 Bb4+ 4.Bd2 Bxd2+ 5.Qxd2 d5 6.g3 Nbd7 7.Bg2 c6 8.O-O O-O
9.Rc1 b6 10.b4 Bb7 11.Qb2 Qb8 12.Nbd2 a5 13.a3 Rc8 14.cxd5 exd5 15.Ne5 axb4
16.axb4 Qd6 17.Bh3 Re8 18.Ndf3 h6 19.Qc2 Nf8 20.Rab1 Ra6 21.Nxc6 Bxc6 22.Qxc6 Qxc6
23.Rxc6 Rxe2 24.Bf1 Raa2 25.Bxe2 Rxe2 26.Rbc1 Rb2 27.Rc8 g5 28.Ne5 Rxb4 29.R1c6 Nh7
30.R6c7 Rxd4 31.Nxf7 Rc4 32.Nxh6+ Kh8 33.Rxc4 dxc4 34.Rxc4 Kg7 35.Ng4 Kg6
36.Rc6+ Kf5 37.Ne3+ Ke4 38.Rxb6 Nd7 39.Re6+ Kf3 40.h3 Nhf6 41.Nf1  1-0

[Event "St. Pauli Open 2013"]
[Site "Hamburg GER"]
[Date "2013.07.14"]
[Round "9.1"]
[White "Teske,H"]
[Black "Huschenbeth,N"]
[Result "1-0"]
[WhiteElo "2517"]
[BlackElo "2542"]

1.Nf3 Nf6 2.c4 e6 3.d4 Bb4+ 4.Bd2 c5 5.Nc3 cxd4 6.Nxd4 Nc6 7.e3 O-O 8.a3 Be7
9.Rc1 d5 10.Nf3 dxc4 11.Bxc4 e5 12.Bb5 e4 13.Bxc6 bxc6 14.Nd4 c5 15.Nc6 Qc7
16.Nxe7+ Qxe7 17.Na4 Nd7 18.O-O Ne5 19.Rxc5 Ba6 20.Bc3 Rad8 21.Rxe5 Rxd1
22.Rxd1 Qh4 23.Nc5 Rd8 24.Rd4 Bb5 25.g3 Qf6 26.Nxe4 Qb6 27.Rxb5 Rxd4 28.Rxb6 Rd1+
29.Kg2 axb6 30.Bd4  1-0

[Event "Universiade Men"]
[Site "Kazan RUS"]
[Date "2013.07.14"]
[Round "7.5"]
[White "Margvelashvili,G"]
[Black "Amin,B"]
[Result "1/2-1/2"]
[WhiteElo "2548"]
[BlackElo "2650"]

1.d4 Nf6 2.c4 e6 3.Nf3 Bb4+ 4.Bd2 c5 5.e3 O-O 6.Be2 b6 7.O-O Bb7 8.Nc3 d6
9.Qc2 Nbd7 10.Rad1 Qe7 11.a3 Bxc3 12.Bxc3 Ne4 13.b4 Rac8 14.dxc5 bxc5 15.Bb2 f5
16.Nd2 Nb6 17.Nxe4 Bxe4 18.Qb3 d5 19.f3 dxc4 20.Bxc4 Bd5 21.Bxd5 Nxd5 22.Rfe1 cxb4
23.axb4 Nxb4 24.Ba3 Rb8 25.Qa4 Qc5 26.Rc1 Qb5 27.Qxb5 Rxb5 28.Rc7 a5 29.Bxb4 axb4
30.Rd1 f4 31.Rdd7 Rg5 32.exf4 Rxf4  1/2-1/2

[Event "Universiade Men"]
[Site "Kazan RUS"]
[Date "2013.07.14"]
[Round "8.4"]
[White "Matlakov,M"]
[Black "Hovhannisyan,R"]
[Result "1-0"]
[WhiteElo "2665"]
[BlackElo "2620"]

1.d4 Nf6 2.c4 e6 3.Nf3 Bb4+ 4.Bd2 Qe7 5.Nc3 O-O 6.Qc2 d6 7.a3 Bxc3 8.Bxc3 Nbd7
9.e3 b6 10.Be2 Bb7 11.O-O Ne4 12.Be1 c5 13.Nd2 Nef6 14.f3 cxd4 15.exd4 d5
16.b3 Rac8 17.Bf2 dxc4 18.bxc4 e5 19.Rfe1 exd4 20.Nb3 Rfe8 21.Nxd4 Qf8 22.Rad1 Re5
23.Bg3 Rg5 24.Qd2 h6 25.Nb5 Ne5 26.Qd6 Nc6 27.Qxf8+ Rxf8 28.Bd6 Rd8 29.h4 Rh5
30.g4 Rxh4 31.Bg3 Rh3 32.Rxd8+ Nxd8 33.Kg2 Rxg3+ 34.Kxg3 Ne6 35.Nxa7 h5 36.Nb5 g5
37.gxh5 Nxh5+ 38.Kf2 Nhf4 39.Nd6 Bc6 40.Rb1 Nxe2 41.Kxe2 Nd4+ 42.Ke3 Nxf3
43.Rxb6 Ne5 44.Kd4 Nf3+ 45.Kc5 Ba4 46.Rb7 g4 47.Rxf7 Ng5 48.Rf5 Ne6+ 49.Kd5 Bd7
50.Ke5 Nc5 51.Rg5+ Kf8 52.Kf6 Nd3 53.Rh5  1-0

[Event "Universiade Men"]
[Site "Kazan RUS"]
[Date "2013.07.15"]
[Round "9.15"]
[White "Rajapaksha,RMCM"]
[Black "Abasov,N"]
[Result "0-1"]
[WhiteElo "2075"]
[BlackElo "2498"]

1.d4 Nf6 2.c4 e6 3.Nf3 Bb4+ 4.Bd2 Qe7 5.Nc3 b6 6.g3 Bb7 7.Bg2 O-O 8.O-O d6
9.Qc2 Bxc3 10.Bxc3 Be4 11.Qd2 a5 12.c5 Nc6 13.Rac1 Nd5 14.Ne1 Bxg2 15.Kxg2 dxc5
16.dxc5 bxc5 17.e4 Ndb4 18.a3 Rfd8 19.Qe3 Na2 20.Rc2 e5 21.Nd3 c4 22.Nc1 Nxc3
23.Rxc3 Rd4 24.Ne2 Rb8 25.Rc2 Rd3 26.Qc1 Qf6 27.Rxc4 Qf3+ 28.Kg1 Nd8 29.Re1 Ne6
30.Kf1 Qh1+ 31.Ng1 Nd4 32.Re3 Nb3 33.Rxd3 Nxc1 34.Rxc1 Qxe4 35.Rd2 g6 36.Re2 Qd3
37.Rc3 Qb1+  0-1

[Event "43rd Nat Jun ch-IND U19"]
[Site "Lucknow IND"]
[Date "2013.07.15"]
[Round "8.5"]
[White "Mithil,A"]
[Black "Vignesh,NR"]
[Result "1-0"]
[WhiteElo "2198"]
[BlackElo "2281"]

1.d4 Nf6 2.c4 e6 3.Nf3 Bb4+ 4.Bd2 Qe7 5.g3 Nc6 6.Nc3 O-O 7.Bg2 d6 8.O-O Bxc3
9.Bxc3 Ne4 10.Be1 e5 11.b4 Bg4 12.b5 Nd8 13.Bb4 exd4 14.Nxd4 Ng5 15.Rc1 Bh3
16.c5 Bxg2 17.Kxg2 d5 18.h4 Nge6 19.Nf5 Nf4+ 20.gxf4 Qe4+ 21.Kg3 Qxf5 22.e3 Re8
23.Qg4 Qxg4+ 24.Kxg4 c6 25.bxc6 bxc6 26.Bc3 Re4 27.Be5 Ra4 28.Rc2 Rb4 29.Rd1 f6
30.Bd6 g6 31.Rdd2 a5 32.Rb2 Ra7 33.a3 Rbb7 34.Rb6 Rxb6 35.cxb6 Rd7 36.Bc7 f5+
37.Kg3 Nb7 38.f3 Kf7 39.h5 Ke6 40.hxg6 hxg6 41.Rh2 Nd6 42.Rc2 Rxc7 43.bxc7 Kd7
44.Kh4 Kxc7 45.Kg5 Nc4 46.Rc3 Nd2 47.Kxg6 Nxf3 48.Kxf5 Kd6 49.Kg4 Nd2 50.f5 c5
51.f6 Ne4 52.Kf5 Nxc3 53.Kg6 d4 54.f7 dxe3 55.f8=Q+ Kd5 56.Qf4 e2 57.Qd2+ Kc4
58.Kf5 Kb3 59.Kf4 c4 60.Ke3 Na2 61.Qxa5 c3 62.Qb5+ Kxa3 63.Qxe2 Kb3 64.Qb5+ Kc2
65.Kd4 Kd2 66.Qd3+ Kc1 67.Kc4 Kb2 68.Qd4 Kb1 69.Qd1+ Kb2 70.Qb3+ Ka1 71.Qc2  1-0

[Event "Czech Open G1 Rapid 2013"]
[Site "Pardubice CZE"]
[Date "2013.07.17"]
[Round "3.14"]
[White "Hracek,Z"]
[Black "Kulicov,O"]
[Result "1-0"]
[WhiteElo "2635"]
[BlackElo "2453"]

1.d4 Nf6 2.c4 e6 3.Nf3 Bb4+ 4.Bd2 Qe7 5.g3 Nc6 6.Nc3 O-O 7.Bg2 Bxc3 8.Bxc3 Ne4
9.Rc1 d6 10.d5 Nd8 11.Nd2 Nxc3 12.Rxc3 e5 13.c5 Bf5 14.cxd6 cxd6 15.O-O Rc8
16.Qb3 f6 17.Rfc1 Nf7 18.Qa3 Rxc3 19.Rxc3 a6 20.Qb4 Rc8 21.e4 Bg4 22.f3 Rxc3
23.Qxc3 Bd7 24.Qc7 Qd8 25.Qxb7 Bb5 26.b4 h5 27.h4 Qe8 28.Bh3 Kh7 29.Kf2 Nd8
30.Qc7 Qf8 31.Nb1 Kh6 32.Nc3 g6 33.a4 Bd3 34.Ke3 Bc2 35.Kd2 Bb3 36.Kc1 Qe8
37.Qxd6 Bxa4 38.Qxf6 Bb3 39.Qxa6 Qf7 40.Kb2  1-0

[Event "Czech Open G1 Rapid 2013"]
[Site "Pardubice CZE"]
[Date "2013.07.17"]
[Round "3.31"]
[White "Gergel,V"]
[Black "Westerberg,J"]
[Result "1/2-1/2"]
[WhiteElo "2229"]
[BlackElo "2410"]

1.d4 Nf6 2.c4 e6 3.Nf3 Bb4+ 4.Bd2 c5 5.e3 b6 6.a3 Bxd2+ 7.Nbxd2 O-O 8.Be2 Bb7
9.O-O d6 10.Qc2 Nbd7 11.b4 cxd4 12.exd4 Rc8 13.Rfd1 Qc7 14.Qb2 Rfe8 15.a4 a5
16.bxa5 bxa5 17.Rdb1 Bc6 18.Qa3 e5 19.d5 Bb7 20.Nh4 g6 21.Qe3 Ba6 22.g4 Qc5
23.g5 Qxe3 24.fxe3 Nxd5 25.Bg4 N5b6 26.Ne4 Rxc4 27.Bxd7 Nxd7 28.Nxd6 Rxh4
29.Nxe8 Rg4+ 30.Kf2 Rxg5 31.Nd6 Kg7 32.Rc1 Nf6 33.h3 Bd3 34.Rc5 Ne4+ 35.Nxe4 Bxe4
36.Rxa5 Rg2+ 37.Kf1 Rh2 38.Ra3 f6 39.Ra7+ Kh6 40.Rf7 f5 41.a5 Rxh3 42.a6 Kg5
43.a7 Rh1+ 44.Ke2 Rh2+ 45.Ke1 Rh1+ 46.Kd2 Rh2+ 47.Kc3 Rc2+ 48.Kb4 h5 49.Re7 Kf6
50.Re8 h4 51.Ra6+ Kg5 52.Rxe5 Rc8 53.Rxe4 fxe4 54.a8=Q Rxa8 55.Rxa8 Kg4 56.Kc3 g5
57.Kd2 Kg3 58.Ke2 g4 59.Kf1 Kf3 60.Rf8+ Kxe3 61.Kg2 Kd2 62.Rd8+ Ke3 63.Rh8 Kd2
64.Rxh4 e3 65.Rxg4 e2 66.Re4 e1=R 67.Rxe1 Kxe1  1/2-1/2

[Event "Ikaros Aegean Open 2013"]
[Site "Aghios Kirykos GRE"]
[Date "2013.07.18"]
[Round "7"]
[White "Finokaliotis,G"]
[Black "Frendzas,P"]
[Result "0-1"]
[WhiteElo "2080"]
[BlackElo "2363"]

1.d4 Nf6 2.c4 e6 3.Nf3 Bb4+ 4.Bd2 a5 5.a3 Bxd2+ 6.Nbxd2 d6 7.g3 Nbd7 8.Bg2 e5
9.Qc2 O-O 10.O-O Re8 11.e3 Qe7 12.b4 h6 13.dxe5 Nxe5 14.Nd4 axb4 15.axb4 Rxa1
16.Rxa1 c5 17.bxc5 dxc5 18.Ne2 Nc6 19.Nf4 Nb4 20.Qc3 Qd6 21.Ra8 Rd8 22.h3 g5
23.Nd5 Nbxd5 24.cxd5 Nxd5 25.Nc4 Nxc3 26.Nxd6 Rxd6 27.Rxc8+ Kg7 28.Bxb7 Na4
29.Kg2 Rd2 30.Rc7 Nb2 31.Rxc5 Nd1 32.Kf1 Nxf2 33.Ke1 Rb2 34.Rc7 Nd3+ 35.Kf1 Rf2+
36.Kg1 Re2 37.Bd5 Ne5 38.e4 h5 39.Ra7 Re3 40.Kf2 Rf3+ 41.Kg2 h4 42.gxh4 gxh4
43.Be6 Rg3+ 44.Kf1 Kf6 45.Bf5 Kg5 46.Ra2 Kf4 47.Rf2+ Rf3 48.Kg2 Rxf2+ 49.Kxf2 Nf3
50.Bc8 Ng5 51.e5 Kxe5 52.Ke3 f5 53.Bb7 Nxh3 54.Kf3 Ng5+ 55.Kf2 Kf4 56.Ba8 Ne4+
57.Kg2 Kg4 58.Bc6 h3+ 59.Kh2 Ng5 60.Bd7 Nf3+ 61.Kh1 Ne5 62.Bc8 Kg3 63.Bxf5 h2  0-1

[Event "Czech Open G1 Rapid 2013"]
[Site "Pardubice CZE"]
[Date "2013.07.18"]
[Round "5.5"]
[White "Mozharov,M"]
[Black "Navara,D"]
[Result "1/2-1/2"]
[WhiteElo "2495"]
[BlackElo "2715"]

1.d4 Nf6 2.Nf3 e6 3.c4 Bb4+ 4.Bd2 Qe7 5.g3 Bxd2+ 6.Qxd2 Nc6 7.Nc3 d5 8.cxd5 exd5
9.Bg2 O-O 10.O-O h6 11.Rac1 Bf5 12.Qf4 Be4 13.Rfd1 Rfe8 14.Nxe4 dxe4 15.Ne5 Nb4
16.Bxe4 Nxa2 17.Ra1 Nxe4 18.Qxe4 Nb4 19.Qxb7 c5 20.Qxe7 Rxe7 21.e3 cxd4 22.exd4 Rd8
23.Ra4 Rxe5 24.Rxb4 a5 25.Ra4 Re2 26.Rxa5 Rxb2 27.Rd3 Rd6 28.Kg2 g6 29.h4 h5
30.Ra7 Kg7 31.Rf3 Rf6 32.Rxf6 Kxf6 33.Kf3 Ke6 34.Ke3 Rb1 35.Kf4 Rb2 36.f3 Rb1
37.d5+ Kxd5 38.Rxf7 Ke6 39.Rf8 Ke7 40.Ra8 Rb5 41.Ra6 Kf7 42.Rd6 Ra5 43.g4 hxg4
44.fxg4 g5+ 45.hxg5 Ra1 46.g6+ Kg7 47.Kg5 Ra5+ 48.Kh4 Rc5 49.g5 Rc1 50.Kh5  1/2-1/2

[Event "Czech Open G1 Rapid 2013"]
[Site "Pardubice CZE"]
[Date "2013.07.18"]
[Round "5.25"]
[White "Worek,J"]
[Black "Westerberg,J"]
[Result "0-1"]
[WhiteElo "2332"]
[BlackElo "2410"]

1.d4 Nf6 2.c4 e6 3.Nf3 Bb4+ 4.Bd2 c5 5.Bxb4 cxb4 6.g3 O-O 7.Bg2 d6 8.O-O a5
9.Nbd2 b6 10.e4 Bb7 11.Re1 Qc7 12.h3 e5 13.Rc1 Nc6 14.Nf1 exd4 15.g4 Rfe8
16.Ng3 d3 17.Qxd3 Ne5 18.Nxe5 dxe5 19.Nf5 Qc5 20.Rcd1 Re6 21.b3 Bc6 22.Bf3 Nd7
23.Qd2 Nf8 24.Qg5 Ng6 25.h4 h6 26.Qe3 Nf4 27.Rd2 Kh7 28.Red1 g6 29.Qxc5 bxc5
30.Ne3 a4 31.Rd8 Re8 32.Rxe8 Bxe8 33.Nd5 Ne6 34.Nb6 Ra6 35.Nd7 Bxd7 36.Rxd7 Kg7
37.Rd5 axb3 38.axb3 Ra1+ 39.Kh2 Nd4 40.Kg2 Rb1 41.Rxc5 Rxb3 42.Bd1 Rb1 43.Ba4 b3
44.Bxb3 Rxb3 45.Rxe5 Nf3 46.Re7 Nxh4+ 47.Kf1 g5 48.e5 Ng6 49.Re8 Rc3 50.e6 Nf4  0-1

[Event "7th LCT 2013"]
[Site "Leiden NED"]
[Date "2013.07.19"]
[Round "7.3"]
[White "Sethuraman,S"]
[Black "Iljin,A"]
[Result "1-0"]
[WhiteElo "2562"]
[BlackElo "2540"]

1.d4 Nf6 2.c4 e6 3.Nf3 Bb4+ 4.Bd2 Qe7 5.g3 O-O 6.Bg2 Bxd2+ 7.Qxd2 d6 8.Nc3 e5
9.O-O Re8 10.e4 Bg4 11.Nh4 Nc6 12.h3 Bd7 13.Nb5 Qd8 14.d5 Ne7 15.Nc3 Ng6
16.Nf3 h6 17.b4 Nh7 18.c5 Ng5 19.Nxg5 hxg5 20.Rac1 Kh7 21.Nd1 Rh8 22.Ne3 Kg8
23.Nf5 Nf4 24.gxf4 gxf4 25.cxd6 cxd6 26.Qd3 Qf6 27.Rc7 Rd8 28.Qf3 g6 29.Ne3 Qg5
30.Kh2 Kg7 31.Rxb7 Bc8 32.Rxa7 Rh4 33.Rg1 Rdh8 34.Bf1 Bxh3 35.Rxg5 Bg4+ 36.Kg1 Bxf3
37.Nf5+ Kf6 38.Nxh4 Rxh4 39.Rg2 Bxe4 40.Rd7  1-0

[Event "6th Paleochora Open"]
[Site "Paleochora GRE"]
[Date "2013.07.19"]
[Round "1.23"]
[White "Sturt,R"]
[Black "Fidrilakis,Stavros"]
[Result "1-0"]
[WhiteElo "2308"]
[BlackElo "1519"]

1.d4 Nf6 2.Nf3 e6 3.c4 Bb4+ 4.Bd2 Bxd2+ 5.Qxd2 d5 6.Qc2 O-O 7.g3 Qe7 8.Bg2 c6
9.O-O Nbd7 10.Nbd2 Nb6 11.a3 a5 12.Rfe1 Ne4 13.c5 Nxd2 14.Nxd2 Nd7 15.e4 Qd8
16.Rac1 f5 17.exf5 exf5 18.f4 Nf6 19.Nf3 Ne4 20.Ne5 Qf6 21.b3 h5 22.Qe2 Qh6
23.Qe3 h4 24.Bf1 hxg3 25.hxg3 Rf6 26.Rc2 Qh7 27.Rh2 Rh6 28.Ree2 Be6 29.Qf3 Kf8
30.Rxh6 gxh6 31.Rh2 Ke7 32.Qh5 Rg8 33.Qh4+ Ke8 34.Rh3 Qe7 35.Qxh6 Rxg3+ 36.Rxg3 Nxg3
37.Qg6+ Bf7 38.Qxg3  1-0

[Event "36th Taminco Open"]
[Site "Ghent BEL"]
[Date "2013.07.20"]
[Round "2.4"]
[White "Ikonnikov,Vy"]
[Black "Schoffelmeer,F"]
[Result "1-0"]
[WhiteElo "2548"]
[BlackElo "2061"]

1.d4 Nf6 2.Nf3 e6 3.c4 Bb4+ 4.Bd2 Qe7 5.g3 Nc6 6.Bg2 Bxd2+ 7.Nbxd2 d6 8.O-O O-O
9.a3 a5 10.b3 e5 11.d5 Nb8 12.Ne1 Ng4 13.h3 Nh6 14.e4 f5 15.Nd3 Nd7 16.Re1 Qg5
17.Nf3 Qh5 18.exf5 Qxf5 19.g4 Qg6 20.Qd2 Nf7 21.Qe3 h6 22.c5 Nf6 23.cxd6 cxd6
24.Nh4 Qg5 25.Qg3 Bd7 26.f4 exf4 27.Nxf4 Ne5 28.Rf1 h5 29.Ne6 Bxe6 30.dxe6 hxg4
31.Rf5 Qh6 32.hxg4 Nexg4 33.Re1 Rfe8 34.e7 Rac8 35.Rxf6 Nxf6 36.Nf5 Qh7 37.Nxd6  1-0

[Event "17th Battle of Senta"]
[Site "Senta SRB"]
[Date "2013.07.20"]
[Round "9.14"]
[White "Kovacs,Art"]
[Black "Pregarac,V"]
[Result "1/2-1/2"]
[WhiteElo "1995"]
[BlackElo "2136"]

1.d4 Nf6 2.Nf3 e6 3.c4 Bb4+ 4.Bd2 a5 5.g3 Nc6 6.Bg2 O-O 7.O-O Bxd2 8.Nbxd2 d6
9.e4 e5 10.d5 Ne7 11.Ne1 Nd7 12.a3 a4 13.Nd3 b6 14.f4 exf4 15.gxf4 Ng6 16.Nf3 Re8  1/2-1/2